000 00607nam a2200241Ia 4500
003 OSt
005 20220918194608.0
006 a|||||r|||| 00| 0
007 ta
008 220917b |||||||| |||| 00| 0 eng d
024 _a80,398
037 _cTextual
040 _aARTS
_cARTS
_beng
041 _2eng
_aeng
082 _aS:5, M8
100 _aThompson J G
_985847
245 0 _aPsychobiography of emotions
260 _aN York
_bPlenum Press
_c1988
300 _axiii, 404p.
_ccm.
650 _aPSYCHOLOGY
942 _hS:5, M8
_cTEXL
_2CC
999 _c204124
_d204124